[Event "DVM U12 2016"]
[Site "Magdeburg GER"]
[Date "2016.12.29"]
[Round "6"]
[White "Waffenschmidt, Lars"]
[Black "Marschall, Tillmann"]
[Result "1-0"]
[Termination "normal"]
[Board "8.1"]
[WhiteElo "1526"]
[BlackElo "1669"]
[WhiteClock "00:05:31"]
[BlackClock "00:11:26"]
[WhiteTeam "SK Bebenhausen"]
[BlackTeam "SG Trier"]
[PlyCount "75"]
[WhiteFideId "16244656"]
[BlackFideId "12973220"]
[EventCountry "GER"]
[EventRounds "7"]
[EventType "team-swiss"]
[EventDate "2016.12.26"]

1. e4 {[%clk 1:15:56]} c6 {[%clk 1:15:54]} 2. d4 {[%clk 1:16:13]} d5 {[%clk
1:16:17]} 3. Nc3 {[%clk 1:16:19]} dxe4 {[%clk 1:16:40]} 4. Nxe4 {[%clk
1:16:23]} Bf5 {[%clk 1:17:07]} 5. Ng3 {[%clk 1:16:35]} Bg6 {[%clk 1:17:31]} 6.
f4 {[%clk 1:16:17]} e6 {[%clk 1:17:30]} 7. Nf3 {[%clk 1:16:15]} Bd6 {[%clk
1:17:16]} 8. Bd3 {[%clk 1:16:09]} Bxd3 {[%clk 1:17:06]} 9. Qxd3 {[%clk
1:16:13]} Nf6 {[%clk 1:16:27]} 10. O-O {[%clk 1:15:19]} O-O {[%clk 1:16:14]}
11. Bd2 {[%clk 1:13:47]} Nbd7 {[%clk 1:16:05]} 12. Ne5 {[%clk 1:13:29]} c5
{[%clk 1:16:14]} 13. Kh1 {[%clk 1:05:15]} cxd4 {[%clk 1:15:30]} 14. Qxd4 {[%clk
1:03:41]} Qc7 {[%clk 1:15:24]} 15. Bc3 {[%clk 1:00:16]} Bc5 {[%clk 1:14:38]}
16. Qd1 {[%clk 0:58:54]} Rfd8 {[%clk 1:14:45]} 17. Ng4 {[%clk 0:57:26]} Nd5
{[%clk 1:12:46]} 18. Nh5 {[%clk 0:52:20]} Nxc3 {[%clk 1:11:57]} 19. bxc3 {[%clk
0:52:25]} Be7 {[%clk 1:07:35]} 20. Qd4 {[%clk 0:49:06]} f6 {[%clk 1:04:53]} 21.
Qe3 {[%clk 0:47:23]} Nf8 22. Qg3 Ng6 {[%clk 1:01:16]} 23. Rab1 {[%clk 0:45:32]}
Rd2 {[%clk 1:01:04]} 24. Qe3 {[%clk 0:43:59]} Qd6 {[%clk 0:56:01]} 25. Qe4
{[%clk 0:37:25]} Rd8 {[%clk 0:52:39]} 26. Nf2 {[%clk 0:30:56]} Nf8 {[%clk
0:43:20]} 27. Ng3 {[%clk 0:24:37]} Nd7 {[%clk 0:38:44]} 28. f5 {[%clk 0:22:34]}
Nc5 {[%clk 0:38:13]} 29. Qg4 {[%clk 0:22:12]} Qd5 {[%clk 0:20:58]} 30. Nh5
{[%clk 0:18:15]} g5 {[%clk 0:20:36]} 31. fxg6 {[%clk 0:16:56]} h6 {[%clk
0:20:50]} 32. Nf4 {[%clk 0:14:38]} Qg5 {[%clk 0:14:42]} 33. Qxg5 hxg5 {[%clk
0:14:49]} 34. N4d3 {[%clk 0:08:07]} b6 {[%clk 0:13:19]} 35. Nxc5 {[%clk
0:07:27]} Bxc5 {[%clk 0:13:16]} 36. Ne4 {[%clk 0:06:54]} Rxc2 {[%clk 0:13:25]}
37. Rxf6 {[%clk 0:05:43]} Rxa2 {[%clk 0:11:26]} 38. Rf7 {[%clk 0:05:31]} 1-0

[Event "DVM U12 2016"]
[Site "Magdeburg GER"]
[Date "2016.12.29"]
[Round "6"]
[White "Metzdorf, Matteo"]
[Black "Marx, Benedikt"]
[Result "1-0"]
[Termination "normal"]
[Board "8.2"]
[WhiteElo "1308"]
[BlackElo "1289"]
[WhiteClock "00:10:10"]
[BlackClock "00:00:50"]
[WhiteTeam "SG Trier"]
[BlackTeam "SK Bebenhausen"]
[PlyCount "163"]
[WhiteFideId "16209869"]
[BlackFideId "16255690"]
[EventCountry "GER"]
[EventRounds "7"]
[EventType "team-swiss"]
[EventDate "2016.12.26"]

1. e4 {[%clk 1:15:57]} e5 {[%clk 1:15:41]} 2. Nf3 {[%clk 1:16:22]} Nc6 {[%clk
1:16:01]} 3. Bb5 {[%clk 1:16:46]} a6 {[%clk 1:15:57]} 4. Ba4 {[%clk 1:17:13]}
Nf6 {[%clk 1:15:58]} 5. O-O {[%clk 1:17:33]} Be7 {[%clk 1:15:33]} 6. Re1 {[%clk
1:17:29]} b5 {[%clk 1:15:17]} 7. Bb3 {[%clk 1:17:57]} O-O {[%clk 1:15:22]} 8.
a4 {[%clk 1:18:24]} b4 {[%clk 1:14:26]} 9. d3 {[%clk 1:18:34]} d6 10. h3 {[%clk
1:18:11]} Be6 {[%clk 1:10:54]} 11. Bxe6 {[%clk 1:18:05]} fxe6 {[%clk 1:11:13]}
12. c3 {[%clk 1:18:07]} a5 {[%clk 1:10:01]} 13. Nbd2 {[%clk 1:17:32]} Qd7
{[%clk 0:59:43]} 14. Nf1 {[%clk 1:16:49]} h6 {[%clk 0:58:59]} 15. Ng3 {[%clk
1:13:05]} Nd8 {[%clk 0:54:21]} 16. d4 {[%clk 1:08:04]} exd4 {[%clk 0:52:25]}
17. cxd4 {[%clk 1:07:54]} Rc8 {[%clk 0:49:14]} 18. Qb3 {[%clk 0:58:43]} Kh8
{[%clk 0:46:41]} 19. Nh4 {[%clk 0:54:12]} Kh7 {[%clk 0:43:28]} 20. Qc2 {[%clk
0:52:53]} Kg8 {[%clk 0:40:07]} 21. Ng6 {[%clk 0:50:57]} Rf7 {[%clk 0:34:42]}
22. Be3 {[%clk 0:48:20]} Qc6 {[%clk 0:28:45]} 23. Qd3 {[%clk 0:44:06]} d5
{[%clk 0:19:39]} 24. Ne5 {[%clk 0:43:55]} Qb7 {[%clk 0:17:54]} 25. Nxf7 {[%clk
0:44:12]} Kxf7 {[%clk 0:17:43]} 26. e5 {[%clk 0:43:40]} Nd7 {[%clk 0:17:30]}
27. Bd2 {[%clk 0:38:04]} c5 28. Qf3+ {[%clk 0:36:57]} Ke8 {[%clk 0:15:44]} 29.
Nh5 {[%clk 0:34:35]} Bf8 {[%clk 0:14:28]} 30. Qg4 {[%clk 0:31:49]} c4 {[%clk
0:12:06]} 31. Re3 {[%clk 0:24:55]} Nb6 {[%clk 0:11:12]} 32. Rf3 {[%clk
0:20:00]} Rc7 {[%clk 0:08:10]} 33. Qg6+ {[%clk 0:17:18]} Rf7 {[%clk 0:06:09]}
34. Rxf7 {[%clk 0:15:31]} Qxf7 {[%clk 0:05:24]} 35. Qxf7+ {[%clk 0:15:20]} Kxf7
{[%clk 0:04:57]} 36. f4 {[%clk 0:13:43]} Nc6 {[%clk 0:04:09]} 37. Be3 {[%clk
0:11:34]} Ne7 {[%clk 0:01:48]} 38. g4 {[%clk 0:11:26]} g6 {[%clk 0:00:44]} 39.
Ng3 {[%clk 0:11:16]} Nc6 {[%clk 0:00:35]} 40. Ne2 {[%clk 0:10:49]} Kg7 {[%clk
0:00:33]} 41. Kg2 {[%clk 0:09:36]} Be7 {[%clk 0:13:41]} 42. Kf3 {[%clk
0:22:59]} Bd8 {[%clk 0:11:54]} 43. Ng3 {[%clk 0:21:28]} Ne7 {[%clk 0:11:35]}
44. h4 {[%clk 0:19:44]} Nc6 {[%clk 0:07:38]} 45. h5 {[%clk 0:18:09]} g5 {[%clk
0:05:35]} 46. f5 {[%clk 0:17:17]} Kf7 {[%clk 0:02:30]} 47. fxe6+ {[%clk
0:15:44]} Kg7 {[%clk 0:01:32]} 48. Nf5+ {[%clk 0:15:06]} Kh7 {[%clk 0:01:28]}
49. Bd2 {[%clk 0:12:46]} Ne7 {[%clk 0:01:06]} 50. Ke3 {[%clk 0:12:03]} Nc6
{[%clk 0:00:56]} 51. Ke2 {[%clk 0:10:55]} Ne7 {[%clk 0:01:00]} 52. Nxe7 {[%clk
0:09:48]} Bxe7 {[%clk 0:01:23]} 53. Rf1 {[%clk 0:10:07]} Nc8 {[%clk 0:01:01]}
54. Rf7+ {[%clk 0:09:50]} Kg8 {[%clk 0:01:18]} 55. Kd1 {[%clk 0:08:37]} Kh8
{[%clk 0:01:15]} 56. Kc2 {[%clk 0:08:18]} Kg8 {[%clk 0:01:07]} 57. Rf3 {[%clk
0:05:56]} Nb6 {[%clk 0:00:36]} 58. b3 {[%clk 0:05:39]} c3 {[%clk 0:00:55]} 59.
Bxc3 {[%clk 0:05:52]} bxc3 {[%clk 0:00:32]} 60. Rxc3 {[%clk 0:05:59]} Bd8
{[%clk 0:00:52]} 61. Rc5 {[%clk 0:06:02]} Kf8 {[%clk 0:00:32]} 62. Rxa5 {[%clk
0:06:04]} Ke8 {[%clk 0:00:35]} 63. Ra7 {[%clk 0:05:50]} Kf8 {[%clk 0:00:31]}
64. Rh7 {[%clk 0:05:56]} Kg8 {[%clk 0:00:53]} 65. e7 {[%clk 0:05:26]} Bxe7
{[%clk 0:00:31]} 66. Rxe7 {[%clk 0:05:49]} Kf8 {[%clk 0:00:31]} 67. Rb7 {[%clk
0:06:03]} Nc8 {[%clk 0:00:31]} 68. Rb8 {[%clk 0:06:31]} Ke7 {[%clk 0:00:43]}
69. Rxc8 {[%clk 0:06:55]} Kf7 {[%clk 0:00:35]} 70. a5 {[%clk 0:07:21]} Ke7
{[%clk 0:00:33]} 71. a6 {[%clk 0:07:46]} Kd7 {[%clk 0:00:52]} 72. Rh8 {[%clk
0:08:13]} Kc6 {[%clk 0:01:09]} 73. a7 {[%clk 0:08:35]} Kc7 {[%clk 0:01:26]} 74.
a8=R {[%clk 0:08:58]} Kb7 {[%clk 0:01:00]} 75. Rag8 {[%clk 0:09:18]} Kc6 {[%clk
0:00:54]} 76. Rxh6+ {[%clk 0:09:38]} Kb5 {[%clk 0:00:48]} 77. Rh7 {[%clk
0:09:18]} Kc6 {[%clk 0:01:09]} 78. Rg6+ {[%clk 0:09:30]} Kb5 {[%clk 0:01:14]}
79. Kc3 {[%clk 0:09:51]} Ka5 {[%clk 0:01:10]} 80. Rh8 {[%clk 0:09:43]} Kb5
{[%clk 0:01:03]} 81. Rb8+ {[%clk 0:10:10]} Ka5 {[%clk 0:00:50]} 82. b4+ 1-0

[Event "DVM U12 2016"]
[Site "Magdeburg GER"]
[Date "2016.12.29"]
[Round "6"]
[White "Kroh, Franz Alexander"]
[Black "Felten, Maximilian"]
[Result "1/2-1/2"]
[Termination "normal"]
[Board "8.3"]
[WhiteElo "1277"]
[BlackElo "1612"]
[WhiteClock "00:02:17"]
[BlackClock "01:07:36"]
[WhiteTeam "SK Bebenhausen"]
[BlackTeam "SG Trier"]
[PlyCount "102"]
[BlackFideId "4004949"]
[EventCountry "GER"]
[EventRounds "7"]
[EventType "team-swiss"]
[EventDate "2016.12.26"]

1. e4 {[%clk 1:15:56]} e6 {[%clk 1:15:49]} 2. d4 {[%clk 1:16:20]} d5 {[%clk
1:16:09]} 3. Nc3 {[%clk 1:16:43]} Nf6 {[%clk 1:16:25]} 4. Bg5 {[%clk 1:17:04]}
dxe4 {[%clk 1:16:46]} 5. Nxe4 {[%clk 1:17:22]} Nbd7 {[%clk 1:17:05]} 6. Bd3
{[%clk 1:12:52]} Be7 {[%clk 1:17:22]} 7. Bxf6 {[%clk 1:10:45]} Nxf6 {[%clk
1:17:20]} 8. Nf3 {[%clk 1:09:29]} Bd7 {[%clk 1:15:37]} 9. O-O {[%clk 1:03:02]}
O-O {[%clk 1:15:42]} 10. Re1 {[%clk 1:02:57]} Bc6 {[%clk 1:15:16]} 11. c3
{[%clk 1:02:23]} b6 {[%clk 1:14:52]} 12. Qc2 {[%clk 1:00:10]} h6 {[%clk
1:14:11]} 13. Ne5 {[%clk 0:57:17]} Bb7 {[%clk 1:13:44]} 14. Re3 {[%clk
0:56:06]} Nd5 {[%clk 1:11:56]} 15. Ree1 {[%clk 0:48:36]} Nf4 {[%clk 1:10:43]}
16. Qd2 {[%clk 0:43:30]} Nxd3 {[%clk 1:10:27]} 17. Qxd3 {[%clk 0:40:43]} Bxe4
{[%clk 1:06:52]} 18. Qxe4 {[%clk 0:40:44]} Bf6 {[%clk 1:01:02]} 19. f4 {[%clk
0:32:00]} Bxe5 {[%clk 0:57:28]} 20. fxe5 {[%clk 0:32:03]} Qe7 {[%clk 0:57:38]}
21. Rad1 Rfd8 {[%clk 0:55:58]} 22. Rf1 {[%clk 0:24:40]} Rac8 23. Rd3 c5 {[%clk
0:55:05]} 24. Rfd1 {[%clk 0:23:01]} cxd4 {[%clk 0:55:09]} 25. Rxd4 {[%clk
0:23:19]} Rxd4 {[%clk 0:55:20]} 26. Qxd4 {[%clk 0:21:02]} Rc7 {[%clk 0:55:17]}
27. Qd6 {[%clk 0:19:14]} Kf8 {[%clk 0:54:30]} 28. Kf2 {[%clk 0:18:46]} Ke8
{[%clk 0:51:32]} 29. Kf3 {[%clk 0:16:30]} Qd7 {[%clk 0:51:41]} 30. Qxd7+ {[%clk
0:16:40]} Rxd7 {[%clk 0:52:00]} 31. Rxd7 {[%clk 0:17:07]} Kxd7 {[%clk 0:52:13]}
32. Ke4 {[%clk 0:16:34]} Ke7 {[%clk 0:52:10]} 33. c4 {[%clk 0:16:14]} a5 {[%clk
0:51:57]} 34. b3 {[%clk 0:15:07]} Kd7 {[%clk 0:52:19]} 35. a3 {[%clk 0:15:31]}
Kc7 {[%clk 0:52:10]} 36. b4 {[%clk 0:09:11]} axb4 {[%clk 0:51:21]} 37. axb4
{[%clk 0:09:33]} Kc6 {[%clk 0:51:40]} 38. Kd4 {[%clk 0:09:50]} f6 {[%clk
0:51:12]} 39. g3 {[%clk 0:07:29]} f5 {[%clk 0:51:29]} 40. h3 {[%clk 0:03:30]}
g6 {[%clk 0:51:08]} 41. b5+ {[%clk 0:07:51]} Kc7 {[%clk 1:06:28]} 42. Ke3
{[%clk 0:05:04]} g5 {[%clk 1:06:26]} 43. h4 {[%clk 0:03:54]} Kd7 {[%clk
1:05:48]} 44. hxg5 {[%clk 0:02:24]} hxg5 {[%clk 1:06:04]} 45. Kd4 {[%clk
0:01:24]} Kc8 {[%clk 1:06:15]} 46. c5 {[%clk 0:00:46]} Kc7 {[%clk 1:06:16]} 47.
c6 {[%clk 0:01:00]} Kd8 {[%clk 1:06:38]} 48. Ke3 {[%clk 0:01:27]} Kc7 {[%clk
1:06:57]} 49. g4 f4+ {[%clk 1:07:16]} 50. Kf3 {[%clk 0:02:05]} Kd8 {[%clk
1:07:36]} 51. Ke4 {[%clk 0:02:17]} Kc7 1/2-1/2

[Event "DVM U12 2016"]
[Site "Magdeburg GER"]
[Date "2016.12.29"]
[Round "6"]
[White "Kirschweng, Luca"]
[Black "Öz, Mert"]
[Result "1-0"]
[Termination "normal"]
[Board "8.4"]
[WhiteElo "1186"]
[BlackElo "1216"]
[WhiteClock "00:54:50"]
[BlackClock "00:01:54"]
[WhiteTeam "SG Trier"]
[BlackTeam "SK Bebenhausen"]
[PlyCount "71"]
[WhiteFideId "16262514"]
[BlackFideId "16255704"]
[EventCountry "GER"]
[EventRounds "7"]
[EventType "team-swiss"]
[EventDate "2016.12.26"]

1. e4 {[%clk 1:15:57]} c5 {[%clk 1:15:32]} 2. Nc3 {[%clk 1:16:12]} Nc6 {[%clk
1:14:58]} 3. Bc4 {[%clk 1:15:35]} g6 {[%clk 1:13:54]} 4. d3 {[%clk 1:15:18]}
Bg7 {[%clk 1:13:40]} 5. f4 {[%clk 1:14:41]} e6 {[%clk 1:13:17]} 6. Nf3 {[%clk
1:12:16]} Nge7 {[%clk 1:11:30]} 7. O-O {[%clk 1:12:09]} O-O {[%clk 1:09:45]} 8.
Qe1 {[%clk 1:12:19]} d6 {[%clk 1:09:36]} 9. Qh4 {[%clk 1:11:04]} Rb8 {[%clk
1:06:54]} 10. f5 {[%clk 1:06:26]} exf5 {[%clk 1:02:01]} 11. Bh6 {[%clk
1:03:34]} Nd5 {[%clk 0:32:17]} 12. Nxd5 {[%clk 1:00:26]} Qxh4 {[%clk 0:31:10]}
13. Nxh4 {[%clk 1:00:41]} Bxh6 {[%clk 0:31:34]} 14. exf5 {[%clk 1:00:43]} Bd7
{[%clk 0:28:54]} 15. Nf6+ {[%clk 1:00:54]} Kh8 {[%clk 0:27:42]} 16. Nxd7 {[%clk
1:00:17]} Be3+ {[%clk 0:24:49]} 17. Kh1 {[%clk 1:00:21]} Nd4 {[%clk 0:23:24]}
18. Bb3 {[%clk 0:58:51]} g5 {[%clk 0:19:40]} 19. Nf3 {[%clk 0:57:15]} Nxf5
{[%clk 0:18:55]} 20. Nxb8 {[%clk 0:56:57]} Rxb8 {[%clk 0:19:08]} 21. Nxg5
{[%clk 0:56:35]} Nh6 {[%clk 0:16:57]} 22. Nxf7+ {[%clk 0:56:23]} Nxf7 {[%clk
0:16:15]} 23. Rxf7 {[%clk 0:56:27]} Bh6 {[%clk 0:12:47]} 24. Re1 {[%clk
0:56:26]} Bg5 {[%clk 0:11:28]} 25. Ref1 {[%clk 0:53:49]} Bh6 {[%clk 0:11:26]}
26. R1f6 {[%clk 0:53:51]} Bg7 {[%clk 0:09:50]} 27. Rxd6 {[%clk 0:53:49]} Re8
{[%clk 0:09:51]} 28. Kg1 {[%clk 0:53:23]} Bd4+ {[%clk 0:04:28]} 29. Kf1 {[%clk
0:53:24]} a6 {[%clk 0:02:43]} 30. Rdd7 {[%clk 0:53:45]} Bg7 {[%clk 0:01:29]}
31. Rxg7 {[%clk 0:53:51]} Rf8+ {[%clk 0:01:52]} 32. Kg1 {[%clk 0:53:59]} c4
{[%clk 0:02:00]} 33. Rxh7+ {[%clk 0:54:12]} Kg8 {[%clk 0:02:18]} 34. Bxc4+ Rf7
{[%clk 0:02:07]} 35. Rdxf7 {[%clk 0:54:31]} b6 {[%clk 0:01:54]} 36. Rb7+ {[%clk
0:54:50]} 1-0

[Event "DVM U12 2016"]
[Site "Magdeburg GER"]
[Date "2016.12.29"]
[Round "6"]
[White "Breitzmann, Sander"]
[Black "Franke, Josef"]
[Result "1-0"]
[Termination "normal"]
[Board "9.1"]
[WhiteElo "1705"]
[BlackElo "1034"]
[WhiteClock "01:11:08"]
[BlackClock "01:05:51"]
[WhiteTeam "SV Empor Berlin"]
[BlackTeam "SK Neumarkt"]
[PlyCount "58"]
[WhiteFideId "12987085"]
[EventCountry "GER"]
[EventRounds "7"]
[EventType "team-swiss"]
[EventDate "2016.12.26"]

1. e4 {[%clk 1:15:56]} e5 {[%clk 1:15:54]} 2. Nf3 {[%clk 1:16:22]} Nc6 {[%clk
1:16:12]} 3. Bb5 {[%clk 1:16:46]} d6 {[%clk 1:15:57]} 4. O-O {[%clk 1:17:10]}
Nf6 {[%clk 1:16:02]} 5. Re1 {[%clk 1:17:36]} Be7 {[%clk 1:16:13]} 6. c3 {[%clk
1:17:57]} a6 {[%clk 1:16:12]} 7. Ba4 {[%clk 1:18:11]} b5 {[%clk 1:16:33]} 8.
Bb3 {[%clk 1:18:35]} O-O {[%clk 1:16:35]} 9. d3 {[%clk 1:17:39]} Bg4 {[%clk
1:16:36]} 10. Nbd2 {[%clk 1:17:58]} Na5 {[%clk 1:14:52]} 11. Bc2 {[%clk
1:17:59]} c6 {[%clk 1:14:26]} 12. h3 {[%clk 1:18:19]} Bh5 {[%clk 1:14:48]} 13.
Nf1 {[%clk 1:18:13]} h6 {[%clk 1:14:32]} 14. Ng3 {[%clk 1:18:10]} Qb6 {[%clk
1:12:58]} 15. Nf5 {[%clk 1:17:12]} Rae8 {[%clk 1:10:44]} 16. Be3 {[%clk
1:16:10]} c5 {[%clk 1:10:28]} 17. g4 {[%clk 1:15:16]} Bg6 {[%clk 1:10:28]} 18.
N3h4 {[%clk 1:13:40]} Bh7 {[%clk 1:10:23]} 19. Qf3 {[%clk 1:13:49]} Qc7 {[%clk
1:08:56]} 20. Nxe7+ {[%clk 1:12:17]} Qxe7 {[%clk 1:08:43]} 21. Qg3 {[%clk
1:12:07]} d5 {[%clk 1:08:30]} 22. Nf5 {[%clk 1:12:08]} Bxf5 {[%clk 1:08:04]}
23. gxf5 {[%clk 1:12:14]} d4 {[%clk 1:07:43]} 24. Bxh6 {[%clk 1:12:05]} Nh5
{[%clk 1:07:17]} 25. Qg4 {[%clk 1:12:13]} f6 {[%clk 1:07:10]} 26. cxd4 {[%clk
1:11:01]} cxd4 {[%clk 1:07:14]} 27. Bd2 {[%clk 1:10:54]} Nc6 {[%clk 1:06:02]}
28. Bb3+ {[%clk 1:11:08]} Kh8 {[%clk 1:05:51]} 29. Qxh5# Nb8 1-0

[Event "DVM U12 2016"]
[Site "Magdeburg GER"]
[Date "2016.12.29"]
[Round "6"]
[White "Henseler, Daniel"]
[Black "Nitsche, Nikolai"]
[Result "0-1"]
[Termination "normal"]
[Board "9.2"]
[WhiteElo "1089"]
[BlackElo "1314"]
[WhiteClock "00:24:57"]
[BlackClock "00:41:38"]
[WhiteTeam "SK Neumarkt"]
[BlackTeam "SV Empor Berlin"]
[PlyCount "96"]
[BlackFideId "16221036"]
[EventCountry "GER"]
[EventRounds "7"]
[EventType "team-swiss"]
[EventDate "2016.12.26"]

1. e4 {[%clk 1:15:57]} e6 {[%clk 1:15:53]} 2. Nf3 {[%clk 1:15:55]} d5 {[%clk
1:16:16]} 3. exd5 {[%clk 1:16:07]} exd5 {[%clk 1:16:36]} 4. d4 {[%clk 1:16:33]}
Nf6 {[%clk 1:16:36]} 5. Nc3 {[%clk 1:16:46]} c6 {[%clk 1:16:46]} 6. Bd3 {[%clk
1:16:44]} Be7 {[%clk 1:16:36]} 7. h3 {[%clk 1:15:57]} h6 {[%clk 1:16:29]} 8.
Bd2 {[%clk 1:14:29]} O-O {[%clk 1:15:34]} 9. Ne2 Ne4 10. Be3 {[%clk 1:13:53]}
Bf5 {[%clk 1:12:56]} 11. Nh2 {[%clk 1:13:21]} Nd6 {[%clk 1:13:08]} 12. Bf4
{[%clk 1:12:50]} Bxd3 {[%clk 1:09:28]} 13. Qxd3 {[%clk 1:12:36]} Nd7 {[%clk
1:08:09]} 14. Qg3 {[%clk 1:08:54]} Nf6 {[%clk 1:07:21]} 15. Ng4 {[%clk
1:08:54]} Nf5 {[%clk 1:07:21]} 16. Nxf6+ {[%clk 1:08:54]} Bxf6 {[%clk 1:07:21]}
17. Qg4 {[%clk 1:08:54]} Qc8 {[%clk 1:07:21]} 18. O-O-O {[%clk 1:08:54]} Ne7
{[%clk 1:07:21]} 19. Qxc8 {[%clk 1:08:54]} Rfxc8 {[%clk 1:07:21]} 20. Rd3
{[%clk 1:08:54]} Nf5 {[%clk 1:07:21]} 21. Rhd1 {[%clk 1:08:54]} Re8 {[%clk
1:07:21]} 22. Ng3 {[%clk 1:08:54]} Nxg3 {[%clk 1:07:21]} 23. Bxg3 {[%clk
1:08:54]} Rac8 {[%clk 0:56:50]} 24. f3 {[%clk 0:57:38]} Re6 {[%clk 0:55:22]}
25. Rb3 {[%clk 0:57:32]} b6 {[%clk 0:54:46]} 26. Rbd3 {[%clk 0:55:57]} Rce8
{[%clk 0:48:53]} 27. a3 {[%clk 0:55:54]} Bg5+ {[%clk 0:49:02]} 28. Kb1 {[%clk
0:56:06]} Re2 {[%clk 0:48:50]} 29. Rg1 {[%clk 0:55:45]} Be3 {[%clk 0:48:24]}
30. Re1 {[%clk 0:54:46]} Rxg2 {[%clk 0:47:54]} 31. Bf4 {[%clk 0:51:07]} Rg1
{[%clk 0:47:27]} 32. Rdd1 {[%clk 0:48:46]} g5 {[%clk 0:45:31]} 33. Bxe3 {[%clk
0:39:26]} Rg3 {[%clk 0:45:25]} 34. Bc1 {[%clk 0:37:54]} Rxe1 {[%clk 0:45:23]}
35. Rxe1 {[%clk 0:37:51]} Rxf3 {[%clk 0:45:47]} 36. Rh1 {[%clk 0:37:28]} Kg7
{[%clk 0:46:02]} 37. h4 {[%clk 0:36:17]} g4 {[%clk 0:44:17]} 38. Rg1 {[%clk
0:33:49]} h5 {[%clk 0:44:14]} 39. Bd2 {[%clk 0:33:18]} Rh3 {[%clk 0:44:25]} 40.
Be1 {[%clk 0:33:18]} Rf3 {[%clk 0:44:09]} 41. c3 {[%clk 0:32:26]} f5 {[%clk
0:44:20]} 42. Rg2 {[%clk 0:31:53]} Rf1 {[%clk 0:43:36]} 43. Re2 {[%clk
0:30:09]} f4 {[%clk 0:42:51]} 44. Kc2 {[%clk 0:27:32]} f3 {[%clk 0:42:13]} 45.
Re5 {[%clk 0:26:11]} f2 {[%clk 0:42:04]} 46. Bxf2 {[%clk 0:26:15]} Rxf2+ {[%clk
0:42:24]} 47. Kb3 {[%clk 0:26:33]} Kg6 {[%clk 0:42:10]} 48. a4 {[%clk 0:24:57]}
Rh2 {[%clk 0:41:38]} 0-1

[Event "DVM U12 2016"]
[Site "Magdeburg GER"]
[Date "2016.12.29"]
[Round "6"]
[White "Beer, Ludwig"]
[Black "Henseler, Sebastian"]
[Result "1-0"]
[Termination "normal"]
[Board "9.3"]
[WhiteElo "1235"]
[BlackElo "769"]
[WhiteClock "01:15:51"]
[BlackClock "01:07:50"]
[WhiteTeam "SV Empor Berlin"]
[BlackTeam "SK Neumarkt"]
[PlyCount "69"]
[WhiteFideId "16202813"]
[EventCountry "GER"]
[EventRounds "7"]
[EventType "team-swiss"]
[EventDate "2016.12.26"]

1. e4 {[%clk 1:15:56]} e5 {[%clk 1:15:54]} 2. Nf3 {[%clk 1:16:14]} Nc6 {[%clk
1:15:50]} 3. Bc4 {[%clk 1:16:33]} Bd6 {[%clk 1:15:54]} 4. c3 {[%clk 1:16:25]}
Nf6 {[%clk 1:15:40]} 5. d3 {[%clk 1:16:37]} Ng4 {[%clk 1:15:37]} 6. Ng5 {[%clk
1:14:38]} Rf8 {[%clk 1:13:34]} 7. Qxg4 {[%clk 1:14:48]} Bc5 {[%clk 1:13:03]} 8.
Qf3 {[%clk 1:14:20]} d6 {[%clk 1:12:46]} 9. Nxh7 {[%clk 1:14:32]} Be6 {[%clk
1:12:28]} 10. Bxe6 {[%clk 1:14:51]} Qe7 {[%clk 1:12:04]} 11. Bb3 {[%clk
1:14:14]} O-O-O 12. Nxf8 Rxf8 {[%clk 1:10:57]} 13. Be3 {[%clk 1:14:15]} Na5
{[%clk 1:10:51]} 14. Bc2 {[%clk 1:14:14]} Bxe3 {[%clk 1:11:02]} 15. Qxe3 {[%clk
1:14:38]} Nc6 {[%clk 1:10:54]} 16. Nd2 {[%clk 1:14:48]} g5 {[%clk 1:10:36]} 17.
O-O-O {[%clk 1:13:50]} g4 {[%clk 1:10:31]} 18. f3 Qe6 {[%clk 1:09:57]} 19. Bb3
{[%clk 1:14:26]} Qd7 {[%clk 1:10:06]} 20. fxg4 {[%clk 1:14:04]} Qxg4 {[%clk
1:10:11]} 21. Qh3 {[%clk 1:14:30]} Qd7 {[%clk 1:09:45]} 22. Qxd7+ {[%clk
1:14:49]} Kxd7 {[%clk 1:10:01]} 23. h4 {[%clk 1:13:03]} Ne7 24. h5 a6 {[%clk
1:08:54]} 25. h6 {[%clk 1:13:24]} Ng6 {[%clk 1:09:08]} 26. Rdf1 {[%clk
1:13:26]} f6 {[%clk 1:08:18]} 27. h7 {[%clk 1:13:40]} b6 {[%clk 1:08:13]} 28.
Rh6 {[%clk 1:14:00]} Rh8 {[%clk 1:07:42]} 29. Rxg6 {[%clk 1:14:06]} Rxh7 {[%clk
1:07:56]} 30. Rgxf6 {[%clk 1:14:30]} Kc6 {[%clk 1:07:50]} 31. g4 {[%clk
1:14:38]} Rg7 {[%clk 1:07:44]} 32. Rg1 {[%clk 1:14:54]} Kd7 {[%clk 1:07:58]}
33. Rf7+ {[%clk 1:15:08]} Rxf7 {[%clk 1:07:52]} 34. Bxf7 {[%clk 1:15:31]} Ke7
{[%clk 1:07:50]} 35. Bb3 {[%clk 1:15:51]} 1-0

[Event "DVM U12 2016"]
[Site "Magdeburg GER"]
[Date "2016.12.29"]
[Round "6"]
[White "Reger, Christoph"]
[Black "Eulenstein, Conrad"]
[Result "0-1"]
[Termination "normal"]
[Board "9.4"]
[WhiteElo "920"]
[BlackElo "1133"]
[WhiteClock "01:04:59"]
[BlackClock "01:09:24"]
[WhiteTeam "SK Neumarkt"]
[BlackTeam "SV Empor Berlin"]
[PlyCount "83"]
[WhiteFideId "16287606"]
[EventCountry "GER"]
[EventRounds "7"]
[EventType "team-swiss"]
[EventDate "2016.12.26"]

1. e4 {[%clk 1:15:59]} e5 {[%clk 1:15:54]} 2. Nf3 {[%clk 1:16:25]} Nc6 {[%clk
1:16:15]} 3. Bc4 {[%clk 1:16:44]} Bc5 {[%clk 1:16:34]} 4. d3 {[%clk 1:16:55]}
Nf6 {[%clk 1:16:50]} 5. O-O {[%clk 1:17:18]} h6 {[%clk 1:17:05]} 6. Nc3 {[%clk
1:17:32]} d6 {[%clk 1:17:19]} 7. h3 {[%clk 1:17:40]} Be6 {[%clk 1:17:11]} 8. b3
{[%clk 1:17:48]} Bxc4 9. bxc4 {[%clk 1:17:58]} O-O {[%clk 1:16:41]} 10. Nd5
{[%clk 1:17:46]} Nxd5 {[%clk 1:15:48]} 11. cxd5 {[%clk 1:18:05]} Ne7 {[%clk
1:15:18]} 12. d4 {[%clk 1:17:57]} exd4 {[%clk 1:15:21]} 13. Nxd4 {[%clk
1:18:03]} Ng6 {[%clk 1:15:19]} 14. Rb1 {[%clk 1:17:08]} Bb6 {[%clk 1:14:35]}
15. a4 {[%clk 1:17:09]} Kh7 {[%clk 1:12:02]} 16. a5 {[%clk 1:16:24]} Bxa5
{[%clk 1:12:16]} 17. Rxb7 {[%clk 1:16:38]} Bb6 {[%clk 1:12:21]} 18. Nc6 {[%clk
1:16:32]} Qc8 {[%clk 1:12:12]} 19. Rb8 {[%clk 1:16:14]} Rxb8 {[%clk 1:11:20]}
20. Nxb8 {[%clk 1:15:45]} Qxb8 {[%clk 1:11:47]} 21. Be3 {[%clk 1:15:59]} f5
{[%clk 1:11:34]} 22. Bxb6 {[%clk 1:16:24]} Qxb6 {[%clk 1:11:30]} 23. exf5
{[%clk 1:16:43]} Rxf5 {[%clk 1:11:35]} 24. Qd3 {[%clk 1:16:27]} Rf6 {[%clk
1:11:43]} 25. Qc3 {[%clk 1:15:23]} Qc5 {[%clk 1:11:25]} 26. Qa1 {[%clk
1:15:21]} Kg8 {[%clk 1:09:53]} 27. Re1 Qxf2+ 28. Kh2 Nh4 {[%clk 1:09:28]} 29.
Rg1 {[%clk 1:12:14]} Rf3 30. Qa4 {[%clk 1:09:14]} Rf8 {[%clk 1:09:12]} 31. Kh1
{[%clk 1:06:53]} Ng6 {[%clk 1:08:52]} 32. Qg4 {[%clk 1:05:29]} Qf5 {[%clk
1:09:13]} 33. Qxf5 {[%clk 1:05:35]} Rxf5 {[%clk 1:09:32]} 34. Ra1 {[%clk
1:05:55]} Rxd5 {[%clk 1:09:43]} 35. Rxa7 {[%clk 1:06:16]} Rc5 {[%clk 1:09:50]}
36. Ra8+ {[%clk 1:06:08]} Kh7 {[%clk 1:10:01]} 37. Ra2 {[%clk 1:05:48]} Rc3
{[%clk 1:09:53]} 38. Rb2 {[%clk 1:05:32]} c5 {[%clk 1:09:28]} 39. Rb6 {[%clk
1:05:37]} d5 {[%clk 1:09:18]} 40. Rd6 {[%clk 1:05:35]} d4 {[%clk 1:09:03]} 41.
Rd5 {[%clk 1:05:21]} Rxc2 {[%clk 1:09:24]} 42. Rd6 {[%clk 1:04:59]} 0-1